| 000 | 00426nam a22001577a 4500 | ||
|---|---|---|---|
| 999 |
_c529027 _d529027 |
||
| 003 | NUST | ||
| 005 | 20190918125341.0 | ||
| 008 | 151003b xxu||||| |||| 00| 0 eng d | ||
| 038 | _aMSOHAIL | ||
| 040 | _cLIBRARY | ||
| 082 |
_a891.4392 _bAHM |
||
| 100 |
_aAshfaq Ahmed, _9651 |
||
| 245 | _aEk Muhabbat sau Afsanay "اِیک محبت سوآفسانے" | ||
| 650 |
_bUrdu literature _xGeneral book _920895 |
||
| 942 |
_2ddc _cBK |
||